Holiday Quiz

Random Holiday or Poem Quiz

Haiku Multiple Choice: Holidays Quiz Stats

Quiz Updated Oct 15, 2017

Challenge
Share
Tweet
Embed
Score 0/17 Timer 05:00
3 Plays Today
Question Answer Wrong Answers
Grand is this groundhog.
A furry Nostradamus
From Pennsylvania.
Punxsutawney Phil
90.6%
Shubenacadie Sam
1.5%
Pittsburgh Patrick
5%
Lancaster Larry
2.7%
Fa la la la la
La la la la, and so forth.
This song needs more words.
Deck the Halls
80%
Jingle Bells
3.9%
White Christmas
1%
Joy to the World
4.7%
On the fourth of May,
Behold! Nerds are rejoicing
To celebrate this.
Star Wars Day
79.3%
Pi Day
9.2%
Marty McFly Day
2.3%
JRR Tolkien's Birthday
2.5%
Each February
We hail Kim, Peerless Leader,
Our Guiding Sun Ray.
North Korea
76.9%
South Korea
5.4%
Vietnam
3.5%
Cambodia
2%
Half-human, half-goat,
An evil anti-Santa
Shall punish all brats.
Krampus
75.8%
Sinterklaas
7.9%
Père Noël
3.2%
Mikulás
3.7%
Slender and wraithlike,
His mood belies his grim guise
Halloween Town's king.
Jack Skellington
71.1%
The Great Pumpkin
6.1%
Oogie Boogie
2.4%
Count Dracula
4.2%
He is credited
As a banisher of snakes.
(Apocryphally.)
Saint Patrick
69.1%
Saint Valentine
7%
Saint Nicholas
5.5%
Christopher Columbus
2.4%
Diwali shimmers,
Sacred festival of lights
For this religion.
Hinduism
66.7%
Buddhism
7.9%
Islam
5.9%
Bahá'í
6.5%
Philly's cracked landmark,
As a wry April Fools' prank
They claimed its purchase.
Taco Bell
63.2%
Walmart
5.6%
Citizen's Bank
11.7%
Dunkin Donuts
6.1%
Sweet sounds grace my ears -
I hear sleigh bells are jingling,
Ring-ting-tingle-ing.
Sleigh Ride
60.5%
Here Comes Santa Claus
9.4%
Winter Wonderland
13.1%
I'll Be Home For Christmas
1.5%
Each St. Patrick's Day
Our river, an emerald
Shimmering and green.
Chicago
58.5%
Boston
11%
Dublin
16.3%
Toronto
0.5%
Stalked in the darkness
Jamie Lee Curtis flees him,
Halloween's villain.
Michael Myers
58.1%
Jason Voorhees
11.2%
Freddy Krueger
14.7%
Pinhead
1.4%
I observe these teams
In my tryptophan coma
Each Thanksgiving Day.
Cowboys and Lions
53%
Raiders and Cowboys
13.3%
Giants and Bears
9%
Rams and Patriots
10.5%
Who wrote Auld Lang Syne?
This poem asks a question
About that poem.
Robert Burns
48.9%
Walt Whitman
10.8%
Lord Byron
17.7%
Edgar Allen Poe
5.8%
Nude Man Festival,
Or Hadaka Matsuri,
Visit, try our buns.
Japan
48.5%
Kenya
4.9%
Fiji
15.8%
New Zealand
14.2%
Patiently nestled,
The children of Helsinki
Await their Santa.
Joulupukki
42.5%
Weihnachtsmann
17%
Pai Natal
15.3%
Daidí na Nollag
10.2%
Cinco de Mayo.
While Mexico honors this,
The U.S. gets drunk.
Mexico's defeat of the French Army
37.1%
Mexico's independence day
41.6%
Santa Anna's birthday
2%
Mexican Flag Day
3.7%

You're not logged in!

Compare scores with friends on all Sporcle quizzes.
Sign Up with Email
OR
Log In

You Might Also Like...

Show Comments

Extras

Top Quizzes Today


Score Distribution

Your Account Isn't Verified!

In order to create a playlist on Sporcle, you need to verify the email address you used during registration. Go to your Sporcle Settings to finish the process.

Report this User

Report this user for behavior that violates our Community Guidelines.

Details: